| 000 | 00405cam a2200169ua 4500 | ||
|---|---|---|---|
| 041 |
_aeng _h |
||
| 082 |
_a531 _bMID/ME |
||
| 100 | _aMiddleton, L R . | ||
| 245 |
_aMechanics / _cL R Middleton. _hTextual Documents |
||
| 250 |
_a1 / _b. |
||
| 260 |
_aMumbai : _bBlackie and Son (India) Ltd. , _c1966. |
||
| 300 | _a248 ; . | ||
| 504 | _a | ||
| 650 | _aMechanics | ||
| 942 | _cBK | ||
| 999 |
_c11307 _d11307 |
||